[Event "HCL-B3907"]
[Site "www.playchess.de"]
[Date "2006.03.10"]
[Round "7"]
[White "nico21"]
[Black "Littlearza"]
[WhiteElo "1542"]
[BlackElo "1430"]
[PlyCount "105"]
[Result "1-0"]

1.d4 d5 2.c4 e6 3.Nc3 dxc4 4.e4 Bb4 5.Bxc4 Nf6 
6.Bd3 Qxd4 7.Qc2 Ng4 8.Nf3 Qb6 9.h3 Nf6 10.O-O Nh5 
11.Be3 Bc5 12.Bxc5 Qxc5 13.Rac1 c6 14.Ne2 Qxc2 
15.Bxc2 f6 16.e5 f5 17.Bb3 Rg8 18.Ng5 Na6 19.Nxh7 
Nb4 20.Rfd1 Nd5 21.Ng5 Ndf4 22.Nxf4 Nxf4 23.Rc2 
Bd7 24.Rcd2 Rd8 25.Nf7 Kxf7 26.R2xd7+ Rxd7 
27.Rxd7+ Kg6 28.Rxb7 Kh5 29.Rxa7 g5 30.Rh7+ Kg6 
31.Re7 g4 32.hxg4 fxg4 33.Bxe6 Nxe6 34.Rxe6+ Kf5 
35.Rxc6 Kxe5 36.Ra6 Kf4 37.g3+ Kf3 38.Rf6+ Ke2 
39.Kg2 Rd8 40.Re6+ Kd2 41.Re3 Kc2 42.b4 Kb2 43.a3 
Ra8 44.f3 Rg8 45.a4 gxf3+ 46.Rxf3 Rg4 47.Rf4 Rg6 
48.b5 Kb3 49.g4 Rg8 50.Kg3 Ra8 51.g5 Rxa4 52.Rxa4 
Kxa4 53.b6 1-0

[Event "ACL-A658"]
[Site "www.playchess.de"]
[Date "2006.03.10"]
[Round "8"]
[White "rahul_4u"]
[Black "BDG_Girl"]
[WhiteElo "1500"]
[BlackElo "1830"]
[PlyCount "22"]
[Result "0-1"]

1.d4 d5 {Hello and good luck!}  2.Nc3 {hi,are you 
a girl
}  e6 3.e3 Nf6 4.g3 c5 5.dxc5 Bxc5 6.Bb5+ Nc6 7.h4 
e5 8.f3 O-O 9.h5 d4 10.exd4 {are you a 
girl
}  exd4 {Yes! ;-)}  11.Na4 Qa5+ 0-1

[Event "HCL-B3916"]
[Site "www.playchess.de"]
[Date "2006.03.10"]
[Round "11"]
[White "DTW"]
[Black "donsimon"]
[WhiteElo "1290"]
[BlackElo "1076"]
[PlyCount "48"]
[Result "0-1"]

1.e4 c5 {hi!}  2.Nf3 {hello.}  Nc6 3.d4 e6 4.Be3 
cxd4 5.Nxd4 Nxd4 6.Bxd4 Nf6 7.Bd3 h5 8.Nc3 b6 
9.Qf3 Ng4 10.O-O-O Bc5 11.Bxg7 Qg5+ 12.Kb1 Qxg7 
13.h3 Nxf2 14.Bc4 Nxh1 15.Rxh1 Bb7 16.Rf1 Rc8 
17.Qd3 Bd4 18.Nd1 Qe5 19.Re1 Rg8 20.c3 Rg3 21.Qxd4 
Qxd4 22.cxd4 Rxc4 23.d5 a5 24.dxe6 
Bxe4+ 0-1

[Event "HCL-C3998"]
[Site "www.playchess.de"]
[Date "2006.03.10"]
[Round "10"]
[White "Prince060783"]
[Black "Prab"]
[WhiteElo "800"]
[BlackElo "800"]
[PlyCount "56"]
[Result "0-1"]

1.e4 e5 2.Nf3 Bd6 3.d4 Bb4+ 4.c3 Ba5 5.dxe5 Nc6 
6.e6 dxe6 7.e5 Qxd1+ 8.Kxd1 Nh6 9.b4 Bb6 10.Bxh6 
gxh6 11.b5 Na5 12.g4 Bxf2 13.Nbd2 Rg8 14.Ke2 Bc5 
15.Rg1 Bxg1 16.Nxg1 Rxg4 17.Ngf3 a6 18.bxa6 Rxa6 
19.Bh3 h5 20.Bxg4 hxg4 21.Ng5 Rc6 22.Rf1 f5 
23.Nxh7 Rxc3 24.Nf6+ Kf7 25.Rb1 Rh3 26.Nf1 Nc4 
27.Nd2 Rxh2+ 28.Kd1 Rxd2+ 0-1

[Event "HCL-A2634"]
[Site "www.playchess.de"]
[Date "2006.03.10"]
[Round "6"]
[White "hal1958"]
[Black "Nulnulnix"]
[WhiteElo "1403"]
[BlackElo "1336"]
[PlyCount "87"]
[Result "1-0"]

1.b4 {welcome to our new game}  e5 {Hi again ! Do 
You like unusual openigs ?}  2.Bb2 {i certainly 
do}  Qf6 3.Nf3 d6 4.h3 Bd7 5.e3 Nc6 6.b5 Nd8 7.a4 
c6 8.c4 a6 9.Nc3 Ne6 10.Be2 axb5 11.axb5 Rxa1 
12.Qxa1 cxb5 13.Qa8+ Nd8 14.cxb5 Be7 15.O-O Qg6 
16.Nd5 Bxh3 17.g3 Bxf1 18.Kxf1 Qb1+ 19.Kg2 {some 
mistakes I make :=(}  Qxb2 {It was only the wrong 
moment for the rochade and ignoring the treat with 
your 16. move}  20.Qc8 Qa2 {.. and you're not yet 
off board ;-)}  21.Bc4 Qa5 22.Nc7+ Kf8 23.Nd5 Nf6 
24.Nxe7 Kxe7 25.d4 Nd7 26.dxe5 dxe5 27.Bd3 h6 
28.Nh4 Re8 29.Nf5+ Kf8 30.Qxd7 Qa8 31.Be4 Re6 
32.Bd5 Rf6 33.Qe7+ Kg8 34.Qe8+ Kh7 35.Ne7 h5 
36.Qg8+ Kh6 37.Qh8+ Kg5 38.Qxg7+ Rg6 39.Nxg6 fxg6 
40.Qxe5+ Kh6 41.Qh8+ Kg5 42.f4+ Kg4 43.Bf3+ 
{thanks for the game (Kf5 , Qe5++)}  Kf5 
{Gratulations ! You could reverse this game, I'll 
have to review that.}  44.Qe5+ 1-0

[Event "HCL-A2542"]
[Site "www.playchess.de"]
[Date "2006.03.10"]
[Round "3"]
[White "carbug"]
[Black "HOTSUN"]
[WhiteElo "1530"]
[BlackElo "1603"]
[PlyCount "65"]
[Result "1/2-1/2"]

1.e4 {almost passed on this format (double swiss) 
but charmed in despite!  Good game to you Hot!}  
e5 {thanks you to bug}  2.Bc4 Nc6 3.Nf3 d6 4.d4 
Bg4 5.h3 Bxf3 6.Qxf3 Qf6 7.Qb3 Rb8 8.d5 Nd4 9.Bb5+ 
Nxb5 10.Qxb5+ Kd8 11.Nc3 Ne7 12.Be3 a6 13.Qe2 Nc8 
14.O-O-O Be7 15.h4 h6 16.g3 g6 17.Qc4 Nb6 18.Bxb6 
cxb6 19.Rdf1 Rc8 20.Qb4 b5 21.Qa5+ Rc7 22.f4 Rh7 
23.Ne2 Kc8 24.Kb1 Bd8 25.Qd2 Qe7 26.f5 gxf5 
27.Rxf5 f6 28.Nc1 b6 29.Rhf1 Qg7 30.Qf2 Kb7 31.Qf3 
Qg6 {(offering draw)}  32.h5 {Just a few more 
moves.}  Qg8 {ok}  33.Qa3 {(offering draw)} 
 1/2-1/2

[Event "HCL-M866"]
[Site "www.playchess.de"]
[Date "2006.03.10"]
[Round "10"]
[White "Joachim"]
[Black "pcmvr"]
[WhiteElo "1821"]
[BlackElo "2176"]
[PlyCount "56"]
[Result "0-1"]

1.d4 {Hello from Bremen / Germany !}  e6 {A nice 
game from Nieuwegein, Netherland}  2.c4 {Good luck 
and an interesting game !}  Nf6 3.Nc3 Bb4 4.e3 O-O 
5.Bd3 d5 6.Nf3 c5 7.O-O {Merry Christmas to you 
and your family !}  Nc6 {The same to you}  8.a3 
Bxc3 9.bxc3 dxc4 10.Bxc4 Qc7 11.Bb5 a6 12.Be2 e5 
13.Bb2 {a Happy New Year 2006 to you !}  e4 {Happy 
New Year}  14.Nd2 Bf5 15.a4 b6 16.Qc2 Rfe8 17.Nb3 
Ng4 18.Bxg4 Bxg4 19.dxc5 Ne5 20.cxb6 Qxb6 21.Nd4 
Rac8 22.h3 Bd7 23.Qe2 Nf3+ 24.Kh1 Bg4 25.Nxf3 exf3 
26.Qe1 Qh6 27.gxf3 Bxf3+ 28.Kh2 
Qd6+ 0-1

[Event "HCL-A2602"]
[Site "www.playchess.de"]
[Date "2006.03.10"]
[Round "3"]
[White "Wernswig"]
[Black "kilani"]
[WhiteElo "1362"]
[BlackElo "1299"]
[PlyCount "142"]
[Result "0-1"]

1.e4 {hi, have a nice game}  c5 2.f4 Nf6 3.Nc3 d6 
4.Nf3 Nc6 5.Bc4 Bg4 6.O-O Nd4 7.d3 a6 8.Be3 Nxf3+ 
9.gxf3 Bd7 10.Rf2 h6 11.Rg2 b5 12.Bd5 Rb8 13.e5 
dxe5 14.fxe5 Nxd5 15.Nxd5 Bh3 16.Rg3 Qxd5 17.Rxh3 
Qxe5 18.Qc1 g5 19.Rg3 Rd8 20.f4 gxf4 21.Bxf4 Qf5 
22.Qe3 e6 23.Rf1 Qd5 24.Qf3 Qxf3 25.Rgxf3 Bg7 
26.c3 Rd5 27.Kg2 Rf5 28.R1f2 b4 29.c4 Bd4 30.Re2 
Rg8+ 31.Bg3 Rfg5 32.b3 h5 33.h4 R5g4 34.Kh3 Ke7 
35.Be5 Rd8 36.Bf4 Ra8 37.Rg2 Rxg2 38.Kxg2 a5 
39.Be3 a4 40.Bxd4 cxd4 41.bxa4 Rxa4 42.Rf2 Ra3 
43.Rd2 e5 44.Kf3 f5 45.Kf2 Kd6 46.Ke2 b3 47.axb3 
Rxb3 48.Ra2 e4 49.dxe4 fxe4 50.Ra5 Rb2+ 51.Kd1 d3 
52.Rxh5 Rc2 53.Rg5 Rxc4 54.h5 Ke6 55.h6 Rc7 56.Rg4 
Kf5 57.Rg7 Rc8 58.h7 Rh8 59.Rf7+ Ke6 60.Rf4 Ke5 
61.Rf7 Kd4 62.Rd7+ Ke3 63.Re7 Rf8 64.Kc1 d2+ 
65.Kc2 Rc8+ 66.Kb2 d1Q 67.Rc7 Qd4+ 68.Ka2 Rxc7 
69.Kb3 Rc3+ 70.Kb2 Qd2+ 71.Kb1 
Rc1+ 0-1

[Event "HCL-T266"]
[Site "www.playchess.de"]
[Date "2006.03.10"]
[Round "9"]
[White "gambitfan"]
[Black "pruliere"]
[WhiteElo "1510"]
[BlackElo "1830"]
[PlyCount "42"]
[Result "0-1"]

1.e4 e6 2.d4 d5 3.Nc3 Bb4 4.e5 c5 5.a3 Bxc3+ 
{Salut Gambitfan et bonne partie}  6.bxc3 Nc6 
7.Qg4 Nge7 8.Qxg7 Rg8 9.Qxh7 cxd4 10.cxd4 Nxd4 
11.Qd3 Nef5 12.Bb2 Qa5+ 13.Bc3 Qc5 14.Nf3 Nxf3+ 
15.Qxf3 Bd7 16.a4 d4 17.Bd2 Qxe5+ 18.Be2 d3 19.O-O 
dxe2 20.Rfb1 Bc6 21.Qc3 Rxg2+ 0-1

[Event "HCL-E1584"]
[Site "www.playchess.de"]
[Date "2006.03.10"]
[Round "8"]
[White "XANDERKIRV"]
[Black "freno"]
[WhiteElo "1489"]
[BlackElo "1601"]
[PlyCount "73"]
[Result "0-1"]

1.e4 c5 2.Nf3 a6 3.d4 cxd4 4.Nxd4 Nc6 5.Nc3 d6 
6.Be3 Nxd4 7.Bxd4 e5 8.Be3 Be6 9.Qd2 Be7 10.O-O-O 
Qc7 11.f3 h6 12.Kb1 Nf6 13.h4 Nh5 14.Nd5 Bxd5 
15.Qxd5 Ng3 16.Rg1 Nxf1 17.Rgxf1 Rc8 18.c3 Qc6 
19.Qxc6+ Rxc6 20.g3 b5 21.Rd5 f6 22.Rfd1 O-O 23.f4 
Rfc8 24.f5 Kf7 25.h5 R6c4 26.R5xd6 Bxd6 27.Rxd6 
Rxe4 28.Bc1 Ra8 29.Rd7+ Kg8 30.Rd3 Re2 31.a3 Rg2 
32.b3 Rc8 33.Bb2 Rc6 34.b4 Rf2 35.Ka1 Rxf5 36.g4 
Rf1+ 37.Ka2 0-1

[Event "HCL-C4164"]
[Site "www.playchess.de"]
[Date "2006.03.10"]
[Round "30"]
[White "Concrete_Pluto"]
[Black "nichju"]
[WhiteElo "1115"]
[BlackElo "1075"]
[PlyCount "73"]
[Result "1-0"]

1.e4 e5 2.Bc4 Nf6 3.d3 Bc5 4.a3 O-O 5.Nc3 d6 6.h3 
Nc6 7.f4 Nd4 8.f5 c6 9.g4 d5 10.Ba2 dxe4 11.dxe4 
b6 12.b4 Bd6 13.Nf3 Nxf3+ 14.Qxf3 c5 15.g5 Nd7 
16.h4 cxb4 17.Nb5 Bc5 18.axb4 Bxb4+ 19.Bd2 Bxd2+ 
20.Kxd2 Nc5+ 21.Ke2 Ba6 22.Bc4 Bb7 23.g6 Bxe4 
24.gxf7+ Kh8 25.Qg3 Bxh1 26.Rxh1 Ne4 27.Qe3 a6 
28.Qxe4 axb5 29.Bb3 Qd6 30.Rg1 Rad8 31.Qe3 e4 
32.c3 Qh2+ 33.Kf1 Rd3 34.Qxe4 Rxc3 35.Qd4 Rf3+ 
36.Ke1 Re8+ 37.fxe8Q+ {? Suicide?} 
 1-0

[Event "HCL-A2604"]
[Site "www.playchess.de"]
[Date "2006.03.10"]
[Round "8"]
[White "badplayer"]
[Black "RUDI"]
[WhiteElo "1572"]
[BlackElo "1234"]
[PlyCount "81"]
[Result "1-0"]

1.e4 {hullo from delhi}  e5 {hello from Germany}  
2.Nf3 Nc6 3.Bb5 Bd6 4.c3 Nge7 5.O-O O-O 6.d4 exd4 
7.cxd4 a6 8.Bd3 Ng6 9.a3 Be7 10.Nc3 d6 11.Be3 b5 
12.Rc1 Na7 13.Nd5 c6 14.Nxe7+ Qxe7 15.Re1 Bg4 
16.d5 c5 17.Bg5 f6 18.Bd2 Ne5 19.Be2 Nxf3+ 20.Bxf3 
Bxf3 21.Qxf3 Qd7 22.Bf4 c4 23.Qg3 Nc8 24.Rc3 Ne7 
25.Bxd6 Rfe8 26.Bxe7 Rxe7 27.h3 Rae8 28.Rce3 a5 
29.f3 Qc8 30.Rc1 Qc7 31.Qxc7 Rxc7 32.b3 Rec8 
33.Rec3 Kf7 34.Kf2 h6 35.Ke3 Ke7 36.bxc4 bxc4 
37.Kd4 Kd7 38.R3xc4 R7xc4+ 39.Rxc4 Rxc4+ 40.Kxc4 
Kc7 41.Kb5 1-0

[Event "HCL-B3890"]
[Site "www.playchess.de"]
[Date "2006.03.10"]
[Round "2"]
[White "chessH"]
[Black "mothball"]
[WhiteElo "1282"]
[BlackElo "1276"]
[PlyCount "42"]
[Result "0-1"]

1.d4 d5 2.Nf3 Nc6 3.Bg5 h6 4.Bh4 Bg4 5.e3 Qd6 
6.Nc3 e5 7.dxe5 Nxe5 8.Be2 Be6 9.O-O Be7 10.Bxe7 
Nxe7 11.Qd4 N7g6 12.Nb5 Nxf3+ 13.Bxf3 Qc6 14.c4 a6 
15.cxd5 Bxd5 16.Nxc7+ Qxc7 17.Bxd5 Rd8 18.Qxg7 
Rxd5 19.Rac1 Qe5 20.Rc8+ Ke7 21.Rc7+ 
Qxc7 0-1

[Event "HCL-A2630"]
[Site "www.playchess.de"]
[Date "2006.03.10"]
[Round "3"]
[White "cheloveck"]
[Black "hal1958"]
[WhiteElo "1309"]
[BlackElo "1399"]
[PlyCount "43"]
[Result "1-0"]

1.e4 d6 2.d4 Nf6 3.Nc3 g6 4.Bc4 Bg7 5.Nf3 O-O 6.h3 
a6 7.O-O e6 8.Re1 b5 9.Bb3 Nbd7 10.Bg5 e5 11.dxe5 
dxe5 12.Nd5 c6 13.Nxf6+ Bxf6 14.Qd2 Bxg5 15.Nxg5 
c5 16.c4 Nb6 17.Qxd8 Rxd8 18.cxb5 axb5 19.Nxf7 c4 
20.Nxd8 cxb3 21.axb3 Rxa1 22.Rxa1 1-0

[Event "HCL-C4165"]
[Site "www.playchess.de"]
[Date "2006.03.10"]
[Round "2"]
[White "JMD"]
[Black "Doris"]
[WhiteElo "1329"]
[BlackElo "545"]
[PlyCount "39"]
[Result "1-0"]

1.d4 {greetings from Paris}  d5 2.e4 e6 3.e5 f6 
4.Bf4 Bb4+ 5.c3 Ba5 6.Qg4 Qd7 7.h4 f5 8.Qg3 h6 
9.Qg6+ Kd8 10.h5 c6 11.Be2 b5 12.b4 Bb6 13.Nd2 Na6 
14.Nb3 Bb7 15.g4 Kc7 16.gxf5 exf5 17.e6+ Qd6 
18.Qxg7+ Ne7 19.Bxd6+ Kxd6 20.Qe5+ 1-0

[Event "HCL-B3881"]
[Site "www.playchess.de"]
[Date "2006.03.10"]
[Round "5"]
[White "Iron_Flower"]
[Black "pytolo98"]
[WhiteElo "1238"]
[BlackElo "1173"]
[PlyCount "63"]
[Result "1-0"]

1.d4 {Hi, from Leeuwarden, the Netherlands}  e6 
2.c4 Bb4+ {ciao from bergamo italy}  3.Bd2 Be7 
4.Nc3 Bb4 5.a3 Bxc3 6.Bxc3 d5 7.e3 Nf6 8.Bd3 Nc6 
9.Nf3 a6 10.O-O Qd6 11.c5 Qe7 12.b4 Bd7 13.a4 Na7 
14.b5 O-O 15.Ne5 axb5 16.Nxd7 Qxd7 17.axb5 c6 
18.bxc6 bxc6 19.Qc2 g6 20.Ra3 Rab8 21.Rfa1 Nb5 
22.Bxb5 Rxb5 23.R3a7 Rb7 24.R7a8 Rfb8 25.R1a7 
R7b1+ 26.Qxb1 Qxa7 27.Qxb8+ Qxb8 28.Rxb8+ Kg7 
29.Rc8 Ne4 30.Ba5 h5 31.Rxc6 Nd2 
32.Bxd2 1-0

[Event "HCL-A2640"]
[Site "www.playchess.de"]
[Date "2006.03.10"]
[Round "1"]
[White "Wernswig"]
[Black "cliffoliveira"]
[WhiteElo "1390"]
[BlackElo "1435"]
[PlyCount "110"]
[Result "0-1"]

1.e4 {hi, good luck to you from germany}  c5 {good 
luck too}  2.Nf3 d6 3.Bc4 a6 4.O-O Nf6 5.Nc3 b5 
6.Be2 Nc6 7.d3 e6 8.Bg5 Be7 9.Nd2 O-O 10.Bf3 Nd4 
11.e5 Nxf3+ 12.Nxf3 dxe5 13.Nxe5 Bb7 14.Qe2 b4 
15.Nd1 Nd5 16.Be3 Nxe3 17.Nxe3 Bf6 18.N5c4 Bd4 
19.Rad1 Qc7 20.Qg4 f5 21.Qh3 Rf6 22.Qg3 f4 23.Qg4 
fxe3 24.fxe3 Rg6 25.Qxg6 Bxe3+ 26.Nxe3 hxg6 27.Rf2 
Rf8 28.Re2 Bd5 29.Rde1 a5 30.g3 Bxa2 31.b3 a4 
32.bxa4 b3 33.cxb3 Bxb3 34.Ng4 Qd7 35.Ne5 Qd4+ 
36.R2e3 Qxa4 37.Nxg6 Rf6 38.Nf4 Qa2 39.R3e2 Qa7 
40.Kg2 Bd5+ 41.Kf1 c4 42.h4 cxd3 43.Rd2 Bc4 44.Kg2 
Qb7+ 45.Kh2 Qf3 46.Ng2 Qd5 47.Nf4 Qa5 48.Red1 e5 
49.Nxd3 e4 50.Nf4 e3 51.R2d4 Qa2+ 52.Kh3 e2 
53.Nxe2 Be6+ 54.g4 Qxe2 55.R4d3 
Bxg4+ 0-1

[Event "ACL-E202"]
[Site "www.playchess.de"]
[Date "2006.03.10"]
[Round "18"]
[White "leobor"]
[Black "ZinTho"]
[WhiteElo "1888"]
[BlackElo "1998"]
[PlyCount "67"]
[Result "1-0"]

1.e4 c5 2.Nf3 d6 3.d4 cxd4 4.Nxd4 Nf6 5.Nc3 g6 
6.Be3 Bg7 7.f3 O-O 8.Qd2 Nc6 9.Bc4 Bd7 10.O-O-O 
Rc8 11.Bb3 Ne5 12.Kb1 Nc4 13.Bxc4 Rxc4 14.g4 Qa5 
15.g5 Nh5 16.Nd5 Qd8 17.Ne2 e6 18.Ndc3 d5 19.exd5 
Qa5 20.Ne4 Qxd5 21.Qc1 Qc6 22.b3 Rb4 23.c4 f5 
24.gxf6 Nxf6 25.Nc5 a5 26.Rhe1 Qxf3 27.Nd4 Qg4 
28.h3 Qh5 29.Bg5 h6 30.Nxd7 Nxd7 31.Nxe6 Rf7 
32.Bd8 Qxh3 33.Nxg7 Nc5 34.Nh5 1-0

[Event "HCL-B3916"]
[Site "www.playchess.de"]
[Date "2006.03.10"]
[Round "2"]
[White "dg"]
[Black "DTW"]
[WhiteElo "1214"]
[BlackElo "1290"]
[PlyCount "47"]
[Result "1/2-1/2"]

1.e4 {hi}  e5 2.Nf3 Nc6 3.Bb5 a6 4.Bxc6 dxc6 5.h3 
Nf6 6.Qe2 Bd6 7.d3 h6 8.b3 O-O 9.O-O Bd7 10.Bb2 
Re8 11.Nc3 b5 12.Rab1 c5 13.a4 bxa4 14.Nxa4 Qc8 
15.Ba3 Bxa4 16.bxa4 Nd7 17.Qe3 Rb8 18.Nd2 Rxb1 
19.Rxb1 Qa8 20.Nb3 Qc6 21.a5 c4 22.Bxd6 cxd6 
23.dxc4 Qxc4 24.Qd3 {(offering draw)} 
 1/2-1/2

[Event "HCL-C3995"]
[Site "www.playchess.de"]
[Date "2006.03.10"]
[Round "13"]
[White "Doc"]
[Black "klm"]
[WhiteElo "1090"]
[BlackElo "1028"]
[PlyCount "64"]
[Result "0-1"]

1.e4 e5 {hello}  2.Nf3 {Greetings from Farwell, 
Michigan. Good luck.}  d6 {Danke für die Grüße, 
die im Schwarzwald (black forest) ankamen}  3.Bc4 
{Sorry, but I haven't looked at any German in 40 
years when I took my Ph.D. exam.}  h6 4.d3 Nf6 
5.Be3 Ng4 6.Bd2 Nc6 7.Nc3 Be6 8.Bxe6 fxe6 9.h3 Nf6 
10.O-O Nd4 11.a3 Qd7 12.Be3 Nxf3+ 13.Qxf3 O-O-O 
14.Bxa7 d5 15.Be3 d4 16.Bd2 dxc3 17.Bxc3 Bd6 
18.Qg3 Nh5 19.Qg6 Nf4 20.Qg4 h5 21.Qf3 g5 22.Rad1 
Qg7 23.Qe3 h4 24.Qa7 Ne2+ 25.Kh1 g4 26.Rfe1 Nxc3 
27.bxc3 b6 28.Re3 Rdf8 29.Kg1 Bc5 30.d4 exd4 
31.cxd4 Bxd4 32.Red3 e5 0-1

[Event "ACL-A656"]
[Site "www.playchess.de"]
[Date "2006.03.10"]
[Round "10"]
[White "birdflu"]
[Black "BDG_Girl"]
[WhiteElo "1520"]
[BlackElo "1794"]
[PlyCount "83"]
[Result "1/2-1/2"]

1.c4 e6 {Happy New Year!}  2.Nc3 { Happy New 
Year!}  Nf6 3.Nf3 g6 4.e4 d5 5.cxd5 exd5 6.e5 Ne4 
7.d4 Bg7 8.Qa4+ Nc6 9.Bb5 Nxc3 10.Bxc6+ bxc6 
11.Qxc6+ Qd7 12.Qxc3 Ba6 13.Nd2 Qb5 14.Qe3 O-O 
15.a4 Qb6 16.f4 f6 17.Nb3 Rae8 18.Nc5 fxe5 19.fxe5 
Rf5 20.a5 Qb5 21.Kd1 Bxe5 22.Re1 Re7 23.Nxa6 Bf4 
24.Nxc7 Qb7 25.a6 Qb8 26.Qd3 Rxe1+ 27.Kxe1 Qxc7 
28.Be3 Bxe3 29.Qxe3 Qxh2 30.Qe8+ Kg7 31.Qe7+ Rf7 
32.Qe5+ Qxe5+ 33.dxe5 Re7 34.Kd2 Rxe5 35.Rc1 Re7 
36.Re1 Kf6 37.b4 Rd7 38.Kc3 Rc7+ {(offering draw)} 
 39.Kb3 {please, let me force the queenside pawns, 
I think I have a shot}  d4 40.b5 Rc8 41.Ra1 Ke5 
42.b6 {(offering draw)}  1/2-1/2

[Event "HCL-B3839"]
[Site "www.playchess.de"]
[Date "2006.03.10"]
[Round "5"]
[White "ValhallaWarrior"]
[Black "Marvinni"]
[WhiteElo "1097"]
[BlackElo "1798"]
[PlyCount "57"]
[Result "1/2-1/2"]

1.e4 {Good Luck!!!}  e5 {Have a good game!!}  
2.Nf3 Nc6 3.Bb5 a6 4.Ba4 Nf6 5.O-O Be7 6.Re1 b5 
7.Bb3 d6 8.d3 Na5 9.Bd2 Nxb3 10.cxb3 Bb7 11.Nc3 c5 
12.Bg5 O-O 13.Rc1 Qd7 14.a3 Nh5 15.Bxe7 Qxe7 16.b4 
cxb4 17.Nd5 Bxd5 18.exd5 Nf4 19.axb4 Rfc8 20.g3 
Nxd5 21.Qd2 Rc7 22.Rxc7 Qxc7 23.Rc1 Qb7 24.d4 e4 
25.Ng5 Nf6 26.Qf4 d5 27.Rc7 Qb8 28.Rxf7 Qxf4 
29.gxf4 {(offering draw)}  1/2-1/2

[Event "HCL-A2616"]
[Site "www.playchess.de"]
[Date "2006.03.10"]
[Round "5"]
[White "Maahinen"]
[Black "XANDERKIRV"]
[WhiteElo "1736"]
[BlackElo "1489"]
[PlyCount "51"]
[Result "1-0"]

1.d4 {good luck from ottawa, canada
}  d5 {Hello and good luck.}  2.c4 e6 3.Nc3 Nf6 
4.cxd5 Nxd5 5.e4 Nxc3 6.bxc3 Be7 7.Nf3 c6 8.Bd3 
O-O 9.O-O Nd7 10.Qe2 h6 11.e5 f5 12.exf6 Nxf6 
13.Bd2 b5 14.Ne5 Qc7 15.Ng6 Re8 16.Nxe7+ Rxe7 
17.Qf3 Bb7 18.Bf4 Qd7 19.Be5 c5 20.Qg3 Ne4 21.Qg6 
Qc6 22.f3 Ng5 23.h4 Nxf3+ 24.Rxf3 Qxf3 25.Qh7+ Kf8 
26.gxf3 1-0

[Event "HCL-A2569"]
[Site "www.playchess.de"]
[Date "2006.03.10"]
[Round "8"]
[White "Maillard"]
[Black "vega3"]
[WhiteElo "1522"]
[BlackElo "1443"]
[PlyCount "70"]
[Result "0-1"]

1.d4 {Bonne partie!}  d5 {A vous aussi!!}  2.Nc3 
Nf6 3.Nf3 Bg4 4.h3 Bh5 5.Bf4 e6 6.e3 Bb4 7.a3 Ba5 
8.b4 Bb6 9.Bd3 Bxf3 10.Qxf3 a6 11.Bg5 Nbd7 12.Bxf6 
Nxf6 13.O-O O-O 14.Ne2 c6 15.c3 Bc7 16.e4 e5 
17.Rad1 Re8 18.Ng3 exd4 19.cxd4 Bxg3 20.fxg3 dxe4 
21.Bxe4 Rxe4 22.Qd3 Re8 23.Qf3 Qc7 24.g4 h6 
25.Rde1 Rad8 26.Rxe8+ Nxe8 27.Rd1 Rd6 28.Re1 Qd8 
29.Rf1 Nf6 30.Qg3 Rxd4 31.Qe5 Rd5 32.Qf4 {merci 
pour la partie!}  Rd2 33.g5 hxg5 34.Qxg5 Qd5 
35.Rxf6 Qxg5 0-1

[Event "HCL-E1569"]
[Site "www.playchess.de"]
[Date "2006.03.10"]
[Round "28"]
[White "Marius_sah"]
[Black "hal1958"]
[WhiteElo "1596"]
[BlackElo "1431"]
[PlyCount "20"]
[Result "0-1"]

1.e4 {Hi. Good luck!}  e5 {welcome to our newest 
game}  2.Nf3 d6 3.d4 Nf6 4.Nc3 exd4 5.Nxd4 g6 
6.Bc4 Bg7 7.O-O O-O 8.Bg5 a6 9.Nd5 Nbd7 10.f4 
c6 0-1

[Event "HCL-M874"]
[Site "www.playchess.de"]
[Date "2006.03.10"]
[Round "8"]
[White "takis"]
[Black "Losloper"]
[WhiteElo "2204"]
[BlackElo "2381"]
[PlyCount "110"]
[Result "0-1"]

1.e4 c5 2.Nf3 d6 3.d4 cxd4 4.Nxd4 Nf6 5.Nc3 a6 
6.Bg5 e6 7.f4 Qb6 8.Qd2 Qxb2 9.Rb1 Qa3 10.Bc4 Be7 
11.f5 h6 12.Bxf6 Bxf6 13.fxe6 fxe6 14.Nce2 Bg5 
15.Qd3 Qxd3 16.cxd3 Ke7 17.O-O b5 18.Bb3 Bd7 
19.Nf4 Bxf4 20.Rxf4 Nc6 21.Nxc6+ Bxc6 22.Rbf1 Be8 
23.e5 Rd8 24.exd6+ Rxd6 25.d4 a5 26.a3 g5 27.Re4 
Bc6 28.Re5 Bd5 29.Bxd5 Rxd5 30.Rf3 Rb8 31.Rh3 Rxe5 
32.dxe5 b4 33.axb4 axb4 34.Rb3 Kd7 35.Kf2 Kc6 
36.Ke2 Kc5 37.Kd2 Kc4 38.Rh3 Rb5 39.Rxh6 b3 40.Kc1 
Rxe5 41.Rh8 Re1+ 42.Kb2 Re2+ 43.Kb1 Rxg2 44.h4 
gxh4 45.Rxh4+ Kd5 46.Ra4 e5 47.Rb4 b2 48.Rb8 e4 
49.Rd8+ Kc4 50.Rc8+ Kd3 51.Rd8+ Ke2 52.Kxb2 e3 
53.Kc3 Ke1 54.Rh8 Rg1 55.Re8 e2 0-1

[Event "HCL-B3894"]
[Site "www.playchess.de"]
[Date "2006.03.10"]
[Round "2"]
[White "vulcan"]
[Black "kadarzol"]
[WhiteElo "1132"]
[BlackElo "1801"]
[PlyCount "42"]
[Result "0-1"]

1.e4 e5 2.Nf3 Nc6 3.Bb5 a6 4.Ba4 Nf6 5.O-O b5 
6.Bb3 Bc5 7.h3 O-O 8.d3 h6 9.c3 d6 10.Re1 Re8 
11.Nbd2 Ne7 12.Nf1 Ng6 13.Ng3 c6 14.Be3 Bxe3 
15.Rxe3 Nf4 16.Ne2 N6h5 17.Nxf4 exf4 18.Re2 Qf6 
19.Nh2 Qg6 20.Kh1 f3 21.Re3 Qxg2+ {balfasz, scuse 
me.}  0-1

[Event "HCL-C4221"]
[Site "www.playchess.de"]
[Date "2006.03.10"]
[Round "1"]
[White "gronico"]
[Black "nichju"]
[WhiteElo "1225"]
[BlackElo "977"]
[PlyCount "58"]
[Result "0-1"]

1.e4 e5 2.Bc4 Nf6 3.Nf3 Bc5 4.Nc3 O-O 5.O-O d6 
6.d3 Bg4 7.h3 Bxf3 8.Qxf3 Nc6 9.Bg5 Nd4 10.Qd1 h6 
11.Bh4 g5 12.Bg3 h5 13.Nd5 h4 14.Bh2 c6 15.Nxf6+ 
Qxf6 16.c3 Ne6 17.Bxe6 fxe6 18.Qe2 Rf7 19.b4 Bb6 
20.a4 a5 21.b5 Bc5 22.bxc6 bxc6 23.Ra2 Raf8 24.g3 
hxg3 25.Bxg3 Qh6 26.Qg4 Rg7 27.Qe2 {(offering 
draw)}  Qxh3 28.Rd2 Qxg3+ 29.Kh1 
Rh7+ 0-1

[Event "HCL-C4204"]
[Site "www.playchess.de"]
[Date "2006.03.10"]
[Round "7"]
[White "nichju"]
[Black "gronico"]
[WhiteElo "944"]
[BlackElo "1205"]
[PlyCount "126"]
[Result "0-1"]

1.e4 {hello again}  g6 2.d4 Bg7 3.Nf3 d6 4.d5 c6 
5.Bc4 e6 6.dxc6 bxc6 7.O-O Nf6 8.Bg5 h6 9.Bxf6 
Bxf6 10.c3 O-O 11.Qd2 d5 12.exd5 cxd5 13.Bb5 Bd7 
14.Na3 a6 15.Bd3 e5 16.Qxh6 Bg4 17.Bxg6 fxg6 
18.Qxg6+ Bg7 19.Qxg4 Nc6 20.Qg6 Rf6 21.Qh5 Qd6 
22.Ng5 Rh6 23.Qf7+ Kh8 24.Qf5 e4 25.Nf7+ Kg8 
26.Nxd6 Rf8 27.Qd7 Ne5 28.Qe6+ Rxe6 29.Nb7 Nd3 
30.Rab1 Rb6 31.Na5 Rxb2 32.Rxb2 Nxb2 33.c4 d4 
34.c5 Rc8 35.c6 Be5 36.f4 Bc7 37.N5c4 Nxc4 38.Nxc4 
Kf7 39.h4 Kf6 40.g4 Bd8 41.Nd6 Rxc6 42.Nxe4+ Kg7 
43.h5 Bb6 44.g5 Rc2 45.a4 d3+ 46.Kh1 d2 47.h6+ Kg6 
48.f5+ Kh7 49.Nf6+ Kh8 50.Rd1 Rc1 51.g6 Rxd1+ 
52.Kg2 Rg1+ 53.Kh2 Rh1+ 54.Kg2 Rg1+ 55.Kh2 Bc7+ 
56.Kxg1 d1Q+ 57.Kg2 Qe2+ 58.Kh3 Qh2+ 59.Kg4 Qg3+ 
60.Kh5 Qf3+ 61.Ng4 Bf4 62.g7+ Kh7 63.f6 
Qh3+ 0-1

[Event "HCL-B3678"]
[Site "www.playchess.de"]
[Date "2006.03.10"]
[Round "5"]
[White "bossjos"]
[Black "ppadala"]
[WhiteElo "1261"]
[BlackElo "1244"]
[PlyCount "89"]
[Result "1-0"]

1.e4 e5 2.Nf3 Nc6 3.Bc4 Nf6 4.Ng5 d5 5.exd5 Na5 
6.Bb5+ c6 7.dxc6 bxc6 8.Qf3 Bb7 9.Ba4 h6 10.Ne4 
Be7 11.Nbc3 O-O 12.d3 Nd5 13.Bd2 f5 14.Ng3 Nxc3 
15.Bxc3 c5 16.Qe2 Bxg2 17.Rg1 Bh3 18.Qxe5 Bf6 
19.Qxc5 Nb7 20.Qc4+ Kh8 21.O-O-O Rc8 22.Qb3 Nc5 
23.Qb4 Bxc3 24.bxc3 Nxa4 25.Qxa4 Rxc3 26.Qxa7 Qg5+ 
27.Kb2 Qf6 28.Kb1 Rfc8 29.Rd2 Qg5 30.Ne2 R3c7 
31.Rxg5 Rxa7 32.Rg3 Bg4 33.h3 Bh5 34.Nf4 Bf7 35.c4 
g5 36.Ne2 Bxc4 37.dxc4 Rxc4 38.Rb3 Kg7 39.Rc2 Re4 
40.Kb2 Rae7 41.Ng3 R4e5 42.a4 f4 43.Nf1 Ra5 44.Rb4 
Rea7 45.Kb3 1-0

[Event "HCL-T266"]
[Site "www.playchess.de"]
[Date "2006.03.10"]
[Round "26"]
[White "gambitfan"]
[Black "wbaldan"]
[WhiteElo "1510"]
[BlackElo "1700"]
[PlyCount "103"]
[Result "1-0"]

1.e4 e6 2.d4 d5 3.Nc3 Bb4 4.e5 c5 5.a3 Bxc3+ 
6.bxc3 Qc7 7.Nf3 Ne7 8.a4 Nbc6 9.Ba3 cxd4 10.cxd4 
Nf5 11.Bb5 Bd7 12.O-O Na5 13.Bb4 Nc6 14.Qd2 Nxb4 
15.Qxb4 Bc6 16.Rfb1 Ne7 17.Bxc6+ bxc6 18.Qb7 Rc8 
19.Qxc7 Rxc7 20.Rb8+ Nc8 21.Rab1 O-O 22.a5 Ne7 
23.a6 Rxb8 24.Rxb8+ Nc8 25.Nd2 f6 26.f4 Kf7 27.Rb7 
Re7 28.c4 Nb6 29.c5 Rxb7 30.axb7 Nd7 31.Nb3 Kg6 
32.g4 fxe5 33.fxe5 Kg5 34.h3 Kf4 35.Kf2 g5 36.Na5 
Nb8 37.Nb3 Ke4 38.Ke2 h6 39.Kd2 Kf4 40.Kc3 Kg3 
41.Kb4 Kxh3 42.Na5 a6 43.Nb3 Kxg4 44.Ka5 h5 45.Kb6 
a5 46.Nxa5 h4 47.Nxc6 Nxc6 48.Kxc6 h3 49.b8Q h2 
50.Qb1 Kg3 51.Qf1 g4 52.Kd6 1-0